000 00698nam a2200265Ia 4500
005 20260121165826.0
008 008 260114s9999 xx 000 0 eng d
020 _a9783319280561
037 _aEBOOK
040 _aCRL
040 _beng
040 _cCRL
041 _2eng
041 _aeng
084 _qCRL
100 _aRichard D. Knowles, Céline Rozenblat
_91056494
245 0 _aSir Peter Hall: Pioneer in Regional Planning, Transport and Urban Geography
260 _bSpringer
260 _bSpringer
260 _c2016
856 _uhttps://link.springer.com/openurl?genre=book&isbn=978-3-319-28056-1
942 _cEBOOK
999 _c1622222
_d1622222